000 00698nam a2200217 i 4500
001 52512
003 ES-MaACL
005 20230906162609.0
007 t|
008 030829s1934 fr |||| |dfre d
100 1 _aChejov, Anton Pavlovich.
_938315
245 1 0 _aCorrespondance ... /
_cAntone Tchékhov ; traduit du russe par Denis Roche.
260 _aParis :
_bPlon et Nourrit,
_c[1934]
300 _a1 v. ;
_c19 cm.
490 1 _aCollection d'auteurs étrangers ;
_v17
600 1 4 _aChejov, Anton Pavlovich-
_vCorrespondencia.
_9167599
700 1 _aRoche, Denis.
_998060
830 0 _aCollection d'auteurs étrangers ;
_v17
_9183465
852 _aES-MaACL
_jP-689
999 _c52512
_d52512